000 00653nam a22001815i 4500
001 171441
003 ES-MaACL
005 20230906214632.0
008 090514s1947 ag |||| | spa d
080 _a517
100 1 _aSokolnikoff, Ivan Stephen.
_9140153
245 1 0 _aMatemática superior para ingenieros y físicos /
_cIvan S. Sokolnikoff y Elizabeth S. Sokolnikoff ; traducción española de la 2ª ed. inglesa por I. C. Vignaux.
260 _aBuenos Aires :
_bNigar,
_c1947.
300 _aXIV, 585 p. :
_bil. 24 cm.
700 1 _aSokolnikoff, Elizabeth S.
_9140154
700 1 _aVignaux, I. C.
_9140155
852 _aES-MaACL
_jC-4961
_9R.25591
999 _c171441
_d171441